Les joueurs ayant le plus de trophée d'homme du match en LDC dep 2009 - Statistiques

Statistiques générales
  • Ce quiz a été pris 439 fois
  • Le résultat moyen est 13 sur 20
Statistiques - réponses
Top Nationalité Nb MVP Joueur % Correct
2 Portugal 40 Cristiano Ronaldo
100%
1 Argentine 67 Lionel Messi
100%
3 Brésil 23 Neymar
99%
4 Pologne 21 Robert Lewandowski
97%
12 Pays de Galles 10 Gareth Bale
95%
8 Suède 12 Zlatan Ibrahimovic
94%
5 France 13 Karim Benzema
93%
10 France 10 Kylian Mbappé
92%
11 Sénégal 10 Sadio Mané
91%
6 Algérie 12 Riyad Mahrez
90%
9 Argentine 11 Angel Di Maria
73%
16 Bosnié 9 Edin Dzeko
69%
18 France 9 Antoine Griezmann
68%
13 Pays-Bas 10 Arjen Robben
61%
14 Angleterre 10 Raheem Sterling
29%
19 Allemagne 9 Toni Kroos
28%
17 Espagne 9 Thiago
12%
15 Brésil 9 Hulk
11%
7 Brésil 12 Willian
9%
20 Argentine 8 Nicolas Gaitan
1%
Aucun quiz correspondant
Distribution des résultats
% des personnes avec chaque résultat
Percentile par nombre de réponses
Votre historique - résultats
Vous n’avez pas pris ce quiz